[Event "Surrey Open 20th"]
[Site "Sutton"]
[Date "1994.04.01"]
[Round "1"]
[White "Benjamin, Jonathan Chris"]
[Black "Lalic, Bogdan"]
[Result "1-0"]
[WhiteElo "2128"]
[BlackElo "2520"]
[PlyCount "127"]
[EventDate "1994.04.01"]
[EventType "swiss"]
[EventRounds "7"]
[EventCountry "ENG"]
[SourceTitle "BritBase"]
[Source "John Saunders"]
[SourceDate "2025.11.05"]
[SourceVersion "1"]
[SourceVersionDate "2025.11.05"]
[SourceQuality "1"]

1. d4 Nf6 2. c4 e6 3. Nc3 Bb4 4. a3 Bxc3+ 5. bxc3 c5 6. f3 d5 7. cxd5 Nxd5 8. Qd2 O-O 9. e4 Ne7 10. Bb2 Nd7 11. Bd3 Nb6 12. Ne2 Bd7 13. O-O Qc7 14. Rac1 Nc6 15. d5 c4 16. dxc6 cxd3 17. Qxd3 Bxc6 18. c4 Rfd8 19. Qe3 e5 20. f4 exf4 21. Nxf4 Re8 22. Bxg7 Bxe4 23. Ba1 Nd7 24. Nd5 Qc6 25. Rf6 Qc5 26. Qxc5 Nxc5 27. Nc7 Bg6 28. Nxa8 Rxa8 29. Rd1 Rc8 30. Rfd6 Ne6 31. Bf6 h6 32. Re1 Bc2 33. Rd7 Rxc4 34. Rxb7 a5 35. Re3 Rc8 36. Rg3+ Bg6 37. Rc3 Ra8 38. a4 Kh7 39. Rb5 Nf4 40. Rc7 Ra6 41. Bc3 Ne2+ 42. Kf2 Nxc3 43. Rxc3 Be4 44. Rcc5 Rf6+ 45. Ke3 Bxg2 46. Rf5 Re6+ 47. Rbe5 Rc6 48. Rxf7+ Kg6 49. Rf4 Rc3+ 50. Kd2 Rh3 51. Rf2 Bh1 52. Rxa5 Ra3 53. Kc1 h5 54. Kb2 Re3 55. Rb5 h4 56. a5 Re4 57. Rc5 h3 58. Kb3 Re1 59. Ra2 Re3+ 60. Kc4 Bg2 61. a6 Re7 62. Kd4 Rd7+ 63. Ke3 Rd1 64. a7 1-0

[Event "Surrey Open 20th"]
[Site "Sutton"]
[Date "1994.04.01"]
[Round "2"]
[White "Kinsman, Andrew PH"]
[Black "Rosen, Daniel B"]
[Result "1-0"]
[WhiteElo "2432"]
[BlackElo "2032"]
[PlyCount "92"]
[EventDate "1994.04.01"]
[EventType "swiss"]
[EventRounds "7"]
[EventCountry "ENG"]
[SourceTitle "BritBase"]
[Source "John Saunders"]
[SourceDate "2025.11.05"]
[SourceVersion "1"]
[SourceVersionDate "2025.11.05"]
[SourceQuality "1"]

1. d4 f5 2. Nf3 Nf6 3. g3 e6 4. Bg2 Be7 5. O-O O-O 6. c4 d5 7. b3 c6 8. Ba3 Bd7 9. Bxe7 Qxe7 10. Ne5 Be8 11. Nd2 Bh5 12. Nd3 Nbd7 13. Nf4 Qf7 14. Nxh5 Qxh5 15. e3 Qh6 16. Nf3 g5 17. Qe2 g4 18. Ne1 Qg5 19. Nd3 Rf7 20. Nf4 Nf8 21. b4 h5 22. b5 h4 23. bxc6 bxc6 24. cxd5 cxd5 25. Rfc1 Rh7 26. Rc6 hxg3 27. hxg3 Re8 28. Qa6 Ne4 29. Nxe6 Rxe6 30. Rxe6 Qh5 31. Kf1 Qh2 32. Rc1 Nd2+ 33. Ke2 Qxg2 34. Rg6+ Rg7 35. Rxg7+ Kxg7 36. Rc7+ Kg8 37. Qh6 Qf1+ 38. Kxd2 Qxf2+ 39. Kc3 Qe1+ 40. Kb3 Qd1+ 41. Ka3 Qd3+ 42. Ka4 Qd1+ 43. Ka5 Qd2+ 44. Ka6 Qxa2+ 45. Kb7 Qb3+ 46. Ka8 Qb7+ 1-0

[Event "Surrey Open 20th"]
[Site "Sutton"]
[Date "1994.04.01"]
[Round "2"]
[White "Rosen, Daniel B"]
[Black "Gavriel, Tryfon C"]
[Result "1-0"]
[WhiteElo "2032"]
[BlackElo "2096"]
[PlyCount "75"]
[EventDate "1994.04.01"]
[EventType "swiss"]
[EventRounds "7"]
[EventCountry "ENG"]
[SourceTitle "BritBase"]
[Source "John Saunders"]
[SourceDate "2025.11.05"]
[SourceVersion "1"]
[SourceVersionDate "2025.11.05"]
[SourceQuality "1"]

1. e4 c5 2. f4 d5 3. Nc3 e6 4. Nf3 Nf6 5. e5 Nfd7 6. d4 Nc6 7. Be3 Qb6 8. Qd2 Qxb2 9. Rb1 Qa3 10. Be2 a6 11. O-O g6 12. Kh1 h5 13. Ng5 cxd4 14. Bxd4 Nxd4 15. Qxd4 Qc5 16. Qd3 Qe7 17. Qg3 Bh6 18. Bd3 Bxg5 19. fxg5 h4 20. Qf4 Nc5 21. Nd1 Bd7 22. Ne3 h3 23. gxh3 Rxh3 24. Ng4 O-O-O 25. Nh6 Be8 26. Qb4 Bc6 27. Nxf7 d4+ 28. Kg1 Rh5 29. Rf6 Rh4 30. Nd6+ Rxd6 31. Qxc5 Rg4+ 32. Kf1 Qh7 33. exd6 Qh3+ 34. Ke1 Qe3+ 35. Kd1 Rg1+ 36. Bf1 Rxg5 37. Rf8+ Kd7 38. Rxb7+ 1-0

[Event "Surrey Open 20th"]
[Site "Sutton"]
[Date "1994.04.02"]
[Round "3"]
[White "Anagnostopoulos, Dimitrios"]
[Black "Inzani, Michael PL"]
[Result "1-0"]
[WhiteElo "2464"]
[BlackElo "2176"]
[PlyCount "79"]
[EventDate "1994.04.01"]
[EventType "swiss"]
[EventRounds "7"]
[EventCountry "ENG"]
[SourceTitle "BritBase"]
[Source "John Saunders"]
[SourceDate "2025.11.05"]
[SourceVersion "1"]
[SourceVersionDate "2025.11.05"]
[SourceQuality "1"]

1. e4 d5 2. exd5 Qxd5 3. Nc3 Qa5 4. Nf3 Nf6 5. Bc4 Nc6 6. h3 Bf5 7. O-O e6 8. a3 Bd6 9. d4 Ne4 10. Bd2 Nxd2 11. Qxd2 Ne7 12. b4 Qb6 13. d5 exd5 14. Nxd5 Nxd5 15. Qxd5 Be6 16. Qe4 O-O-O 17. Bxe6+ fxe6 18. Qxe6+ Kb8 19. Qc4 Rhf8 20. Rad1 Rde8 21. Rfe1 Rxe1+ 22. Rxe1 a6 23. Re6 a5 24. c3 axb4 25. axb4 g6 26. Re2 Qa7 27. Ra2 Qb6 28. Nd4 Be5 29. Nf3 Bd6 30. Ra1 c6 31. Rd1 Qc7 32. Qe6 Rd8 33. g3 Be7 34. Rxd8+ Bxd8 35. Kg2 Ka7 36. Nd4 Qb6 37. Qa2+ Kb8 38. Qg8 Ka7 39. Qxh7 g5 40. Qf7 1-0

[Event "Surrey Open 20th"]
[Site "Sutton"]
[Date "1994.04.02"]
[Round "3"]
[White "Bates, Richard A"]
[Black "Pein, Malcolm"]
[Result "1/2-1/2"]
[WhiteElo "2216"]
[BlackElo "2328"]
[PlyCount "96"]
[EventDate "1994.04.01"]
[EventType "swiss"]
[EventRounds "7"]
[EventCountry "ENG"]
[SourceTitle "BritBase"]
[Source "John Saunders"]
[SourceDate "2025.11.05"]
[SourceVersion "1"]
[SourceVersionDate "2025.11.05"]
[SourceQuality "1"]

1. d4 Nf6 2. c4 g6 3. Nc3 d5 4. Nf3 Bg7 5. Bg5 Ne4 6. cxd5 Nxg5 7. Nxg5 e6 8. Qd2 h6 9. Nf3 exd5 10. e3 O-O 11. Be2 a5 12. O-O Bf5 13. Rac1 c6 14. Bd3 Bxd3 15. Qxd3 Nd7 16. b3 Re8 17. Ne2 Bf8 18. Nf4 Qf6 19. Qd1 Bd6 20. Nd3 Kg7 21. Re1 h5 22. Nd2 Qf5 23. Nf1 Nf6 24. f3 Re7 25. Nf2 Rc8 26. Qc2 Bb4 27. Qxf5 gxf5 28. Red1 Bd6 29. Nd3 b6 30. Kf2 c5 31. Ng3 Kg6 32. dxc5 bxc5 33. Ne2 Rd7 34. Ndf4+ Kg7 35. g3 Rdd8 36. Kg2 Bb8 37. Rc2 Ba7 38. Rcd2 c4 39. Nd4 Bxd4 40. Rxd4 cxb3 41. axb3 Rc2+ 42. R1d2 Rdc8 43. Kf1 R8c3 44. Rxc2 Rxc2 45. Nxd5 Nxd5 46. Rxd5 Kg6 47. Rxa5 Rxh2 48. Rd5 Rb2 1/2-1/2

[Event "Surrey Open 20th"]
[Site "Sutton"]
[Date "1994.04.02"]
[Round "3"]
[White "Bisby, Daniel L"]
[Black "Perkins, Alan H"]
[Result "1/2-1/2"]
[WhiteElo "2040"]
[BlackElo "2240"]
[PlyCount "52"]
[EventDate "1994.04.01"]
[EventType "swiss"]
[EventRounds "7"]
[EventCountry "ENG"]
[SourceTitle "BritBase"]
[Source "John Saunders"]
[SourceDate "2025.11.05"]
[SourceVersion "1"]
[SourceVersionDate "2025.11.05"]
[SourceQuality "1"]

1. d4 Nf6 2. Nf3 g6 3. c4 Bg7 4. Nc3 O-O 5. e4 d6 6. Be2 e5 7. d5 a5 8. Bg5 h6 9. Bh4 Na6 10. Nd2 h5 11. O-O Bh6 12. f3 Be3+ 13. Kh1 g5 14. Bf2 Bxf2 15. Rxf2 Kg7 16. Nf1 h4 17. Ne3 Rh8 18. a3 Nc5 19. b4 axb4 20. axb4 Rxa1 21. Qxa1 Nb3 22. Qb2 Nd4 23. c5 Nh5 24. Nc2 Nxc2 25. Qxc2 Bd7 26. Qb2 Qf6 1/2-1/2

[Event "Surrey Open 20th"]
[Site "Sutton"]
[Date "1994.04.02"]
[Round "3"]
[White "Bryant, Richard BE"]
[Black "Kaye, Jeremy V"]
[Result "1-0"]
[WhiteElo "1944"]
[BlackElo "1808"]
[PlyCount "109"]
[EventDate "1994.04.01"]
[EventType "swiss"]
[EventRounds "7"]
[EventCountry "ENG"]
[SourceTitle "BritBase"]
[Source "John Saunders"]
[SourceDate "2025.11.05"]
[SourceVersion "1"]
[SourceVersionDate "2025.11.05"]
[SourceQuality "1"]

1. e4 c6 2. d3 e5 3. Nf3 Nf6 4. Bg5 Qb6 5. Nbd2 Ng4 6. Bh4 d5 7. Be2 Bd6 8. Bg3 f6 9. Nh4 Nh6 10. O-O Be6 11. Qc1 Nd7 12. Bh5+ Nf7 13. a3 g6 14. Be2 f5 15. exf5 gxf5 16. h3 f4 17. Bh2 Be7 18. Nhf3 Rg8 19. Kh1 Bf5 20. c3 O-O-O 21. b4 Bf6 22. Nb3 Nf8 23. d4 e4 24. Qxf4 Nd6 25. Nc5 Ng6 26. Qc1 exf3 27. Bxf3 Nh4 28. Qd1 Nxf3 29. Qxf3 Be4 30. Nxe4 Nxe4 31. Qf5+ Rd7 32. f3 Ng3+ 33. Bxg3 Rxg3 34. Qxf6 Rg6 35. Qf5 Qc7 36. Rfe1 b6 37. Re7 Rgd6 38. Rxh7 Kb7 39. Rxd7 Rxd7 40. Qe5 Qd8 41. Re1 Qh4 42. Re2 Qh7 43. Qe6 Rc7 44. Kh2 Qh4 45. Qe3 Rf7 46. g3 Qh5 47. f4 Rh7 48. h4 Rg7 49. a4 a6 50. Qd3 b5 51. a5 Qg4 52. Re5 Rf7 53. Qe2 Qd7 54. Re6 Rh7 55. Qe5 1-0

[Event "Surrey Open 20th"]
[Site "Sutton"]
[Date "1994.04.02"]
[Round "3"]
[White "Franklin, Michael J"]
[Black "Mah, Karl CC"]
[Result "1/2-1/2"]
[WhiteElo "2216"]
[BlackElo "2008"]
[PlyCount "52"]
[EventDate "1994.04.01"]
[EventType "swiss"]
[EventRounds "7"]
[EventCountry "ENG"]
[SourceTitle "BritBase"]
[Source "John Saunders"]
[SourceDate "2025.11.05"]
[SourceVersion "1"]
[SourceVersionDate "2025.11.05"]
[SourceQuality "1"]

1. c4 g6 2. Nc3 Bg7 3. g3 d6 4. Bg2 Nf6 5. e3 O-O 6. Nge2 e5 7. d3 Nc6 8. O-O Nh5 9. Rb1 f5 10. f4 Ne7 11. b3 c6 12. Bb2 Bf6 13. Qd2 g5 14. Rbd1 gxf4 15. exf4 Ng6 16. d4 exf4 17. gxf4 Nh4 18. Ng3 Nxg3 19. hxg3 Nxg2 20. Qxg2 Qe8 21. Qf3 Qg6 22. d5 c5 23. Na4 Bd7 24. Bxf6 Qxf6 25. Nc3 Rfe8 26. Rfe1 Re7 1/2-1/2

[Event "Surrey Open 20th"]
[Site "Sutton"]
[Date "1994.04.02"]
[Round "3"]
[White "Hodgson, John H"]
[Black "Basman, Michael John"]
[Result "0-1"]
[WhiteElo "2152"]
[BlackElo "2336"]
[PlyCount "50"]
[EventDate "1994.04.01"]
[EventType "swiss"]
[EventRounds "7"]
[EventCountry "ENG"]
[SourceTitle "BritBase"]
[Source "John Saunders"]
[SourceDate "2025.11.05"]
[SourceVersion "1"]
[SourceVersionDate "2025.11.05"]
[SourceQuality "1"]

1. e4 h6 2. d4 a6 3. Be3 d6 4. Bd3 Nc6 5. c3 Nf6 6. h3 e5 7. dxe5 Nxe5 8. Bc2 Bd7 9. Nd2 Bb5 10. Qb1 d5 11. a4 Bc6 12. Ne2 dxe4 13. Nxe4 Nd5 14. Bc1 Bd6 15. Nd4 O-O 16. O-O Re8 17. Rd1 Qh4 18. Nf5 Nf3+ 19. Kh1 Qh5 20. Nxh6+ Kf8 21. Nxf7 Kxf7 22. Rd3 Nh4 23. Bg5 Rxe4 24. Bxh4 Rxh4 25. Bb3 Kf8 0-1

[Event "Surrey Open 20th"]
[Site "Sutton"]
[Date "1994.04.02"]
[Round "3"]
[White "Houska, Miroslav"]
[Black "Holland, Christopher KD"]
[Result "0-1"]
[WhiteElo "2240"]
[BlackElo "2160"]
[PlyCount "106"]
[EventDate "1994.04.01"]
[EventType "swiss"]
[EventRounds "7"]
[EventCountry "ENG"]
[SourceTitle "BritBase"]
[Source "John Saunders"]
[SourceDate "2025.11.05"]
[SourceVersion "1"]
[SourceVersionDate "2025.11.05"]
[SourceQuality "1"]

1. d4 Nf6 2. Bg5 Ne4 3. Bf4 d5 4. Nd2 Bf5 5. Ngf3 e6 6. e3 Bd6 7. Bxd6 cxd6 8. Nxe4 Bxe4 9. Nd2 Bg6 10. Be2 Nd7 11. O-O O-O 12. b3 Qa5 13. c4 Nb6 14. a3 dxc4 15. Nxc4 Nxc4 16. bxc4 Rfc8 17. Qb3 Be4 18. Qb4 Qg5 19. g3 Rd8 20. Rfc1 Rac8 21. a4 Rc7 22. a5 Qe7 23. Ra3 Rdc8 24. Rac3 h6 25. a6 b6 26. c5 dxc5 27. dxc5 Bd5 28. Qf4 Rxc5 29. Rxc5 bxc5 30. e4 Bb3 31. Bc4 Bxc4 32. Rxc4 Qc7 33. Qe3 Qa5 34. Kg2 Qxa6 35. Rxc5 Rxc5 36. Qxc5 Qb7 37. Qc4 a5 38. Qa4 Qb4 39. Qe8+ Kh7 40. Qxf7 Qxe4+ 41. f3 Qe2+ 42. Kh3 a4 43. Qa7 Qf1+ 44. Kg4 Qc4+ 45. f4 Qb5 46. Kh3 Qb3 47. Qa8 a3 48. Qe4+ Kg8 49. Qa8+ Kf7 50. Qa7+ Kg6 51. Qa6 a2 52. Kh4 Kh7 53. g4 Qb1 0-1

[Event "Surrey Open 20th"]
[Site "Sutton"]
[Date "1994.04.02"]
[Round "3"]
[White "Johnstone, Paul Ellis"]
[Black "Gunter, David WW"]
[Result "1/2-1/2"]
[WhiteElo "2232"]
[BlackElo "1936"]
[PlyCount "63"]
[EventDate "1994.04.01"]
[EventType "swiss"]
[EventRounds "7"]
[EventCountry "ENG"]
[SourceTitle "BritBase"]
[Source "John Saunders"]
[SourceDate "2025.11.05"]
[SourceVersion "1"]
[SourceVersionDate "2025.11.05"]
[SourceQuality "1"]

1. c4 g6 2. e4 Bg7 3. d4 d6 4. Nc3 Nf6 5. Be2 O-O 6. Nf3 e5 7. Be3 Ng4 8. Bg5 f6 9. Bh4 Nc6 10. d5 Ne7 11. Nd2 h5 12. Bxg4 hxg4 13. Qe2 a6 14. O-O Bh6 15. f3 Kg7 16. fxg4 Bxd2 17. Qxd2 g5 18. Bf2 Bxg4 19. c5 Ng6 20. g3 Rh8 21. Be3 Qd7 22. Rac1 Raf8 23. cxd6 cxd6 24. Nd1 Rc8 25. Nf2 Bf3 26. Rxc8 Rxc8 27. Rc1 Rxc1+ 28. Qxc1 Qb5 29. Qc7+ Kh6 30. Qc1 Kg7 31. Qc7+ Kh6 32. Qc1 1/2-1/2

[Event "Surrey Open 20th"]
[Site "Sutton"]
[Date "1994.04.02"]
[Round "3"]
[White "Lalic, Susan Kathryn"]
[Black "Shepley, Julien M"]
[Result "1-0"]
[WhiteElo "2328"]
[BlackElo "2024"]
[PlyCount "83"]
[EventDate "1994.04.01"]
[EventType "swiss"]
[EventRounds "7"]
[EventCountry "ENG"]
[SourceTitle "BritBase"]
[Source "John Saunders"]
[SourceDate "2025.11.05"]
[SourceVersion "1"]
[SourceVersionDate "2025.11.05"]
[SourceQuality "1"]

1. e4 d5 2. exd5 Nf6 3. c4 e6 4. dxe6 Bxe6 5. d4 Bb4+ 6. Bd2 Qe7 7. Qe2 Nc6 8. Nf3 O-O-O 9. d5 Bxd2+ 10. Nbxd2 Nb4 11. dxe6 Nc2+ 12. Kd1 Nxa1 13. Kc1 Rhe8 14. g3 Qc5 15. Bh3 Kb8 16. Qe5 Qxf2 17. Rf1 Qb6 18. Kb1 fxe6 19. Kxa1 Rd3 20. Nb3 Red8 21. Kb1 Qe3 22. Qxe3 Rxe3 23. Nfd4 e5 24. Nf5 Re2 25. Nxg7 Rxh2 26. Ne6 Rd3 27. Rxf6 Rd1+ 28. Nc1 a6 29. Rf1 Rdd2 30. Bf5 Rxb2+ 31. Ka1 h5 32. Be4 c6 33. Nc5 Rb4 34. Nd7+ Kc7 35. Nxe5 Kd6 36. Ncd3 Ra4 37. Rf6+ Ke7 38. Rf7+ Ke8 39. Rxb7 Raxa2+ 40. Kb1 Rad2 41. Bxc6+ Kf8 42. Ng6+ 1-0

[Event "Surrey Open 20th"]
[Site "Sutton"]
[Date "1994.04.02"]
[Round "3"]
[White "Mack, Andrew L"]
[Black "Ferguson, Mark"]
[Result "0-1"]
[WhiteElo "2176"]
[BlackElo "2128"]
[PlyCount "84"]
[EventDate "1994.04.01"]
[EventType "swiss"]
[EventRounds "7"]
[EventCountry "ENG"]
[SourceTitle "BritBase"]
[Source "John Saunders"]
[SourceDate "2025.11.05"]
[SourceVersion "1"]
[SourceVersionDate "2025.11.05"]
[SourceQuality "1"]

1. e4 e5 2. Nf3 Nc6 3. Nc3 Nf6 4. Bb5 Bb4 5. O-O O-O 6. d3 d6 7. Bg5 Bxc3 8. bxc3 Qe7 9. Re1 Nd8 10. d4 Bg4 11. h3 Bh5 12. g4 Bg6 13. Bd3 c6 14. a4 Re8 15. Rb1 Ne6 16. Bc1 Qc7 17. dxe5 dxe5 18. Nh4 Nc5 19. Qf3 Nxa4 20. Bc4 Bxe4 21. Rxe4 Nxe4 22. Qxe4 Nxc3 23. Qf5 Nxb1 24. Nf3 g6 25. Qg5 b5 26. Bb3 e4 27. Nd4 Qe7 28. Qh6 Nc3 29. Bg5 Qf8 30. Qh4 e3 31. fxe3 Ne4 32. Bf4 Nd2 33. Bh6 Qe7 34. Bg5 Qc7 35. Bf4 Qd7 36. Qf6 Ne4 37. Qh4 c5 38. Nxb5 Qxb5 39. Bxf7+ Kxf7 40. Qxh7+ Ke6 41. Qxg6+ Nf6 42. g5 Qb2 0-1

[Event "Surrey Open 20th"]
[Site "Sutton"]
[Date "1994.04.02"]
[Round "3"]
[White "McMahon, Daire"]
[Black "McMichael, Richard J"]
[Result "0-1"]
[WhiteElo "2096"]
[BlackElo "2224"]
[PlyCount "105"]
[EventDate "1994.04.01"]
[EventType "swiss"]
[EventRounds "7"]
[EventCountry "ENG"]
[SourceTitle "BritBase"]
[Source "John Saunders"]
[SourceDate "2025.11.05"]
[SourceVersion "1"]
[SourceVersionDate "2025.11.05"]
[SourceQuality "1"]

1. d4 Nf6 2. c4 d6 3. Nf3 Bg4 4. Qb3 Qc8 5. g3 Nbd7 6. Bg2 c6 7. O-O e6 8. Nc3 Be7 9. Ne1 e5 10. e3 O-O 11. h3 Be6 12. Kh2 b5 13. d5 bxc4 14. Qxc4 cxd5 15. Qxc8 Raxc8 16. f4 Nb6 17. Nc2 Ne4 18. Nb4 Nxc3 19. bxc3 a5 20. f5 Bd7 21. Nxd5 Nxd5 22. Bxd5 Rxc3 23. Rf2 Rfc8 24. Bd2 Rc2 25. Kg2 a4 26. e4 Bc6 27. Bxc6 R8xc6 28. a3 R6c4 29. Re1 Bd8 30. Bb4 Bb6 31. Rxc2 Rxc2+ 32. Kf3 Bc5 33. Rb1 h5 34. Bxc5 Rxc5 35. Rb8+ Kh7 36. Rd8 Rc3+ 37. Kf2 h4 38. gxh4 Rxh3 39. Rxd6 f6 40. Ra6 Rxa3 41. Ra8 Ra1 42. Kf3 a3 43. Kg4 a2 44. Kh5 Re1 45. Rxa2 Rxe4 46. Rg2 Re1 47. Rf2 e4 48. Ra2 e3 49. Kg4 e2 50. Kf3 Rf1+ 51. Kxe2 Rxf5 52. Ke3 Kh6 53. Ra7 0-1

[Event "Surrey Open 20th"]
[Site "Sutton"]
[Date "1994.04.02"]
[Round "3"]
[White "Smith, Andrew Philip"]
[Black "Harakis, Alexis M"]
[Result "1-0"]
[WhiteElo "2168"]
[BlackElo "2040"]
[PlyCount "105"]
[EventDate "1994.04.01"]
[EventType "swiss"]
[EventRounds "7"]
[EventCountry "ENG"]
[SourceTitle "BritBase"]
[Source "John Saunders"]
[SourceDate "2025.11.05"]
[SourceVersion "1"]
[SourceVersionDate "2025.11.05"]
[SourceQuality "1"]

1. e4 e6 2. d4 d5 3. Nc3 Bb4 4. e5 c5 5. a3 Bxc3+ 6. bxc3 Ne7 7. Qg4 Qc7 8. Qxg7 Rg8 9. Qxh7 cxd4 10. Ne2 Nbc6 11. h4 Bd7 12. Rb1 dxc3 13. Rh3 O-O-O 14. Bg5 d4 15. Qe4 Be8 16. Bf6 Rd5 17. f4 Nf5 18. h5 Nh6 19. Qh7 d3 20. Rxd3 Rxd3 21. Qxd3 Ng4 22. Qxc3 Nxf6 23. exf6 Nb8 24. Qd2 Nd7 25. Rb3 Nxf6 26. h6 Bc6 27. Rh3 Ne4 28. h7 Rh8 29. Qd4 Qa5+ 30. c3 Qd8 31. Qxd8+ Kxd8 32. Nd4 Bd7 33. Rh6 Nxc3 34. Bd3 Nd5 35. Rh4 f5 36. Nf3 Ke7 37. Kd2 Nf6 38. Ng5 Kf8 39. Bc4 Ke7 40. Rh6 b5 41. Bb3 a5 42. Rg6 Ne4+ 43. Nxe4 fxe4 44. Rg7+ Kd6 45. g4 a4 46. Ba2 Bc6 47. g5 Bd5 48. Bxd5 exd5 49. g6 b4 50. axb4 a3 51. Ra7 d4 52. Rxa3 e3+ 53. Ke2 1-0

[Event "Surrey Open 20th"]
[Site "Sutton"]
[Date "1994.04.02"]
[Round "4"]
[White "Basman, Michael John"]
[Black "Kinsman, Andrew PH"]
[Result "1/2-1/2"]
[WhiteElo "2336"]
[BlackElo "2432"]
[PlyCount "99"]
[EventDate "1994.04.01"]
[EventType "swiss"]
[EventRounds "7"]
[EventCountry "ENG"]
[SourceTitle "Denman/Gillam Collection"]
[SourceDate "2023.02.09"]
[SourceVersion "1"]
[SourceVersionDate "2023.02.09"]
[SourceQuality "1"]

1. h3 d5 2. a3 e5 3. d3 c6 4. Nf3 Bd6 5. Nc3 f5 6. e4 Nf6 7. Bg5 d4 8. Ne2 h6 9. Bxf6 Qxf6 10. exf5 Bxf5 11. Ng3 O-O 12. Be2 Nd7 13. O-O Nc5 14. Nd2 Rae8 15. Bf3 Bc7 16. Nxf5 Qxf5 17. Ne4 Nxe4 18. Bxe4 Qd7 19. Qg4 Qxg4 20. hxg4 Rf6 21. g3 Kf7 22. Kg2 Ke7 23. f3 Bd6 24. b4 Kd7 25. Rfb1 Kc7 26. a4 a6 27. Rb3 Ra8 28. Rc1 Be7 29. c4 dxc3 30. Rcxc3 a5 31. b5 Rd8 32. bxc6 bxc6 33. Rb5 Bb4 34. Rc4 Re6 35. f4 exf4 36. gxf4 Rde8 37. Kf3 R8e7 38. Rh5 Kb6 39. Rh2 Rd6 40. Rhc2 c5 41. Rh2 Rf7 42. Rh5 Rdf6 43. Bd5 Rd7 44. Re4 Bd2 45. f5 ({As 45 f5?? hangs an obvious piece, perhaps the actual move order was something like} 45. Bc4 Rfd6 46. Re2 Bb4 47. f5 {continuing as per the game score - JS}) 45... Bb4 ({45 f5 hangs a piece to} 45... Rxd5 {so it is unlikely to have happened.}) 46. Bc4 Rfd6 47. Re2 Rd4 48. Re6+ R4d6 49. Kf4 Kc7 50. Ke5 {Source: bulletin; Chess Circuit, No. 5/1994 (Brian Denman Collection)} 1/2-1/2

[Event "Surrey Open 20th"]
[Site "Sutton"]
[Date "1994.04.02"]
[Round "4"]
[White "Cobb, James E"]
[Black "Anagnostopoulos, Dimitrios"]
[Result "0-1"]
[WhiteElo "2176"]
[BlackElo "2464"]
[PlyCount "128"]
[EventDate "1994.04.01"]
[EventType "swiss"]
[EventRounds "7"]
[EventCountry "ENG"]
[SourceTitle "BritBase"]
[Source "John Saunders"]
[SourceDate "2025.11.05"]
[SourceVersion "1"]
[SourceVersionDate "2025.11.05"]
[SourceQuality "1"]

1. e4 c5 2. Nf3 Nc6 3. c3 e5 4. Bb5 Qc7 5. O-O Nf6 6. d4 cxd4 7. cxd4 Bd6 8. Re1 O-O 9. Bg5 Nxd4 10. Nxd4 exd4 11. Bxf6 gxf6 12. Qg4+ Kh8 13. Qh4 Be7 14. e5 Qd8 15. Bd3 f5 16. Qxd4 d6 17. exd6+ Bf6 18. Qb4 a5 19. Qa3 b5 20. Bxb5 Qb6 21. Nc3 Bb7 22. Bf1 Bd4 23. Re2 Rg8 24. Qb3 f4 25. Qxb6 Bxb6 26. Re7 Bxg2 27. Bxg2 f3 28. d7 Rxg2+ 29. Kh1 Kg7 30. Re8 Rd8 31. Rxd8 Bxd8 32. Ne4 Kf8 33. Rg1 Rxg1+ 34. Kxg1 Ke7 35. Ng5 Kxd7 36. Nxf3 Bf6 37. b3 Kd6 38. Kf1 Kc5 39. Ke2 Kb4 40. Kd3 Ka3 41. Kc4 Kxa2 42. Nd2 Kb2 43. Ne4 Be7 44. f4 Kc2 45. f5 h6 46. h3 Bb4 47. Nf6 Bf8 48. Ne4 Be7 49. f6 Bb4 50. Ng3 Bd6 51. Nf5 Bf4 52. h4 h5 53. Ng7 Bg3 54. Nxh5 Bxh4 55. Kb5 Be1 56. Kc4 Bc3 57. Ng7 Bxf6 58. Nf5 Be5 59. Nh6 f6 60. Nf5 Kd2 61. Kb5 Bc3 62. Nd6 Kd3 63. Nc4 f5 64. Nxa5 Bxa5 0-1

[Event "Surrey Open 20th"]
[Site "Sutton"]
[Date "1994.04.02"]
[Round "4"]
[White "Ferguson, Mark"]
[Black "Smith, Andrew Philip"]
[Result "1-0"]
[WhiteElo "2128"]
[BlackElo "2168"]
[PlyCount "69"]
[EventDate "1994.04.01"]
[EventType "swiss"]
[EventRounds "7"]
[EventCountry "ENG"]
[SourceTitle "BritBase"]
[Source "John Saunders"]
[SourceDate "2025.11.05"]
[SourceVersion "1"]
[SourceVersionDate "2025.11.05"]
[SourceQuality "1"]

1. e4 e5 2. Nf3 d6 3. d4 Nd7 4. Bc4 Qf6 5. O-O h6 6. Nc3 c6 7. a4 a5 8. Ne2 Be7 9. Bd2 Bd8 10. Bc3 Bc7 11. Nd2 Qe7 12. f4 exf4 13. Nxf4 Ngf6 14. Kh1 g5 15. Nh5 O-O 16. Qf3 Ne8 17. Rae1 Nb6 18. Bb3 d5 19. exd5 Qd6 20. Ng3 g4 21. Qf2 Ng7 22. dxc6 bxc6 23. Nde4 Qg6 24. d5 Bxg3 25. hxg3 Nxd5 26. Bxd5 cxd5 27. Nf6+ Kh8 28. Qd4 Be6 29. Kg1 Nf5 30. Qe5 d4 31. Nd7+ Kg8 32. Nxf8 Rxf8 33. Bxd4 Nxd4 34. Qxd4 Qxc2 35. Rxe6 1-0

[Event "Surrey Open 20th"]
[Site "Sutton"]
[Date "1994.04.02"]
[Round "4"]
[White "Georghiou, Paul I"]
[Black "Corkett, Anthony R"]
[Result "0-1"]
[WhiteElo "2176"]
[BlackElo "2304"]
[PlyCount "102"]
[EventDate "1994.04.01"]
[EventType "swiss"]
[EventRounds "7"]
[EventCountry "ENG"]
[SourceTitle "BritBase"]
[Source "John Saunders"]
[SourceDate "2025.11.05"]
[SourceVersion "1"]
[SourceVersionDate "2025.11.05"]
[SourceQuality "1"]

1. e4 c5 2. Nf3 Nc6 3. d4 cxd4 4. Nxd4 g6 5. c4 Bg7 6. Be3 Nf6 7. Nc3 O-O 8. Be2 d6 9. O-O Bd7 10. Rc1 Nxd4 11. Bxd4 Bc6 12. f3 a5 13. Qd2 Nd7 14. Bf2 Nc5 15. Rfd1 Qb6 16. Nb5 Rfc8 17. b3 Qd8 18. Bd3 Qf8 19. Be3 h5 20. Bb1 Kh7 21. Nc3 Qh8 22. Nd5 Bxd5 23. exd5 Bf6 24. f4 Qg7 25. Qe2 Kg8 26. Kh1 Nd7 27. Rf1 a4 28. b4 a3 29. c5 dxc5 30. bxc5 Bb2 31. Rc4 Nf6 32. c6 bxc6 33. dxc6 e6 34. f5 exf5 35. Bxf5 gxf5 36. Rxf5 Re8 37. c7 Ng4 38. h4 Nxe3 39. Rg5 Nxc4 40. Qxc4 Rac8 41. g4 Re7 42. gxh5 Rexc7 43. Qg4 Rc4 44. Qg3 Kh8 45. Rxg7 Bxg7 46. Qg5 R4c5 47. Qg4 Rb8 48. Qf4 Rb2 49. h6 Be5 50. Qe3 Rb1+ 51. Kg2 Rc2+ 0-1

[Event "Surrey Open 20th"]
[Site "Sutton"]
[Date "1994.04.02"]
[Round "4"]
[White "Holland, Christopher KD"]
[Black "Hinks-Edwards, Thomas RJ"]
[Result "1/2-1/2"]
[WhiteElo "2160"]
[BlackElo "2112"]
[PlyCount "58"]
[EventDate "1994.04.01"]
[EventType "swiss"]
[EventRounds "7"]
[EventCountry "ENG"]
[SourceTitle "BritBase"]
[Source "John Saunders"]
[SourceDate "2025.11.05"]
[SourceVersion "1"]
[SourceVersionDate "2025.11.05"]
[SourceQuality "1"]

1. c4 Nf6 2. Nc3 e6 3. Nf3 c5 4. d4 cxd4 5. Nxd4 Bb4 6. Bd2 O-O 7. Rc1 Nc6 8. Nc2 Bxc3 9. Bxc3 d5 10. e3 e5 11. Be2 Be6 12. O-O Ne4 13. Na3 Nxc3 14. Rxc3 d4 15. exd4 exd4 16. Rg3 Qd7 17. Bd3 Bf5 18. Qh5 Bxd3 19. Rxd3 Rfe8 20. Nc2 Rad8 21. Qd1 Re6 22. Re1 Rxe1+ 23. Qxe1 Qe6 24. Qxe6 fxe6 25. f4 e5 26. fxe5 Nxe5 27. Rxd4 Rxd4 28. Nxd4 Nxc4 29. b3 Nd6 1/2-1/2